CAE pratice tests - Cassette 1

保存先:
書誌詳細
第一著者: Mark Harrison
フォーマット: 図書
言語:Undetermined
出版事項: Oxford, NY Oxford Univ. Press 1999
主題:
タグ: タグ追加
タグなし, このレコードへの初めてのタグを付けませんか!
Thư viện lưu trữ: Trung tâm Học liệu Trường Đại học Cần Thơ
LEADER 00526nam a2200193Ia 4500
001 CTU_57681
008 210402s9999 xx 000 0 und d
082 |a 428.34 
082 |b H238/T1 
100 |a Mark Harrison 
245 0 |a CAE pratice tests - Cassette 1 
245 0 |c Mark Harrison 
260 |a Oxford, NY 
260 |b Oxford Univ. Press 
260 |c 1999 
650 |a english language 
650 |x study and teaching,foreign speaker 
904 |i Minh 
980 |a Trung tâm Học liệu Trường Đại học Cần Thơ